000 00575cam a2200205u 4500
001 000019662
005 20200929170108.0
008 810311s1963 ag 000 0 spa
040 _aDO-SdBNP
_cCarP
_dDLC
_dBNPHU
050 0 0 _aPA4285.S8
_bA8 1940
082 _axxx
_bP718a, 1963
100 0 _aPlatón
_942108
245 1 0 _aApología de Socrates /
_cPlatón.
246 _aCritón o el debe del ciudadano
250 _a6a. ed.
260 _aMéxico, D. F. :
_bEspas-Calpe,
_c1963.
300 _a154 p. ;
_c18 cm.
910 _aCatalogación derivada / LC
049 _aBNGR
999 _c19178
_d19178